Input-output analysis

Αποθηκεύτηκε σε:
Λεπτομέρειες βιβλιογραφικής εγγραφής
Άλλοι συγγραφείς: Kurz, Heinz D. (Επιμελητής έκδοσης), Dietzenbacher, Erik 1958- (Επιμελητής έκδοσης), Lager, Christian 1951- (Επιμελητής έκδοσης)
Μορφή: Βιβλίο
Γλώσσα:English
Δημοσίευση: Cheltenham : Edward Elgar, c1998
Σειρά:International library of critical writings in economics ; ; 92
Elgar reference collection
Θέματα:
Ετικέτες: Προσθήκη ετικέτας
Δεν υπάρχουν, Καταχωρήστε ετικέτα πρώτοι!

MARC

LEADER 00000nam a2200000 i 4500
001 1/17071
008 980828s1998 eng d
020 |a 1-85898-357-6 
035 |l 10020424 
040 |a GR-MY-UA  |b    |e aacr 
041 0 |a eng 
082 0 |a 339.23 
245 1 0 |a Input-output analysis /  |c edited by Heinz D. Kurz; Erik Dietzenbacher; Chritian Lager 
260 |a Cheltenham :   |b Edward Elgar,   |c c1998 
300 |a 3τ. (535; 439; 523 σ.)  |b πίν. 
490 1 |a International library of critical writings in economics  |v ; 92 
490 1 |a Elgar reference collection 
504 |a Περιλαμβάνει βιβλιογραφικές παραπομπές και ευρετήριο 
650 0 0 |a Input-output analysis. 
700 1 |a Kurz, Heinz D.  |4 edt 
700 1 |a Dietzenbacher, Erik  |d 1958-  |4 edt 
700 1 |a Lager, Christian  |d 1951-  |4 edt 
830 0 |a International library of critical writings in economics ;  |v ; 92 
830 0 |a Elgar reference collection 
852 |a INST  |b LESVOS  |e 19980828  |h 339.23 INP  |p 005100013005  |q 005100013005  |t BK  |y 0  |z v.1 
852 |a INST  |b LESVOS  |e 19980918  |h 339.23 INP  |p 005100013006  |q 005100013006  |t BK  |y 0  |z v.2 
852 |a INST  |b LESVOS  |e 19980918  |h 339.23 INP  |p 005100013007  |q 005100013007  |t BK  |y 0  |z v.3 
852 |a INST  |b LESVOS  |e 19980828  |h 339.23 INP  |p 005100013005  |q 005100013005  |t BK  |v v.1:  |y 0  |z v.1 
852 |a INST  |b LESVOS  |e 19980918  |h 339.23 INP  |p 005100013006  |q 005100013006  |t BK  |v v.2:  |y 0  |z v.2 
852 |a INST  |b LESVOS  |e 19980918  |h 339.23 INP  |p 005100013007  |q 005100013007  |t BK  |v v.3:  |y 0  |z v.3 
853 |a INST  |b LESVOS  |h 339.23 INP 
901 |a BIBL-1998-3 
909 |a Λ  |b 058939 
909 |a Λ  |b 058940 
909 |a Λ  |b 058941 
922 |a 1ΕΛΗ  |b 199808  |c ΚΠΣ/ΤΠ  |d ΠΑΠΑΣΩΤΗΡΙΟΥ 
950 |a 107-1998-04-06